000 00541nam a2200181 i 4500
001 88301
003 ES-MaACL
005 20230906175833.0
007 t|
008 050103s1964 sp ||||1| spa d
100 1 _aLaín Entralgo, Pedro,
_d1908-2001
_969681
245 1 3 _aLa relación médico-enfermo :
_bhistoria y teoría /
_cPedro Laín Entralgo.
260 _aMadrid :
_bRevista de Occidente,
_c[1964]
300 _a498 p. ;
_c22 cm.
650 0 0 _aMédicos y pacientes.
_914945
852 _aES-MaACL
_jC-25890
999 _c88301
_d88301